000 00450nam a22001457a 4500
008 230301b |||||||| |||| 00| 0 eng d
020 _a978-0-7555-0306-3
082 _a813.54
100 _aDhonielle Clayton, Nic Stone, Tiffany D. Jackson, Ashley Woodfolk, Angie Thomas and Nicola Yoon
245 _aBlackout
260 _bElectric Monkey,
_c2021
300 _a257 P.
_c19.7 CM
942 _2ddc
999 _c9404
_d9405